000
00313nam a22001337a 4500
008
170714b xxu||||| |||| 00| 0 eng d
020
_a
9780741484567
041
_a
eng
080
_a
101
100
_a
24
101
_a
FIL
245
_a
PHILOSOPHICAL FRAGMNET A PERSONAL JOURNEY
_c
BUNCH.R.A
942
_2
udc
_c
BK
999
_c
20784
_d
20784